The God we worship : (Record no. 9934)

MARC details
000 -LEADER
fixed length control field 01283cam a2200349 i 4500
001 - CONTROL NUMBER
control field 18851259
003 - CONTROL NUMBER IDENTIFIER
control field GBCCL
005 - DATE AND TIME OF LATEST TRANSACTION
control field 20241126110722.0
008 - FIXED-LENGTH DATA ELEMENTS--GENERAL INFORMATION
fixed length control field 151109s2016 nju b 000 0 eng
010 ## -
-- 2015043795
020 ## - INTERNATIONAL STANDARD BOOK NUMBER
International Standard Book Number 9781629952079 (pbk.)
020 ## - INTERNATIONAL STANDARD BOOK NUMBER
Canceled/invalid ISBN 9781629952086 (epub)
020 ## - INTERNATIONAL STANDARD BOOK NUMBER
Canceled/invalid ISBN 9781629952093 (mobi)
040 ## - CATALOGING SOURCE
Original cataloging agency DLC
Language of cataloging eng
Transcribing agency DLC
Description conventions rda
Modifying agency DLC
042 ## -
-- pcc
050 00 -
-- BT103
-- .G6425 2016
082 00 - DEWEY DECIMAL CLASSIFICATION NUMBER
Classification number 231.7
Edition information 23
Item number GOD
245 04 - TITLE STATEMENT
Title The God we worship :
Remainder of title adoring the one who pursues, redeems, and changes his people /
Statement of responsibility, etc. edited by Jonathan L. Master.
264 #1 - PRODUCTION, PUBLICATION, DISTRIBUTION, MANUFACTURE, AND COPYRIGHT NOTICE
Place of production, publication, distribution, manufacture Phillipsburg, New Jersey :
Name of producer, publisher, distributor, manufacturer P&R Publishing,
Date of production, publication, distribution, manufacture, or copyright notice [2016]
300 ## - PHYSICAL DESCRIPTION
Extent x, 172 pages ;
Dimensions 22 cm
336 ## - CONTENT TYPE
Content type term text
Content type code txt
Source rdacontent
337 ## - MEDIA TYPE
Media type term unmediated
Media type code n
Source rdamedia
338 ## - CARRIER TYPE
Carrier type term volume
Carrier type code nc
Source rdacarrier
504 ## - BIBLIOGRAPHY, ETC. NOTE
Bibliography, etc. note Includes bibliographical references.
650 #0 - SUBJECT ADDED ENTRY--TOPICAL TERM
Topical term or geographic name entry element God (Christianity)
Form subdivision Congresses.
9 (RLIN) 17265
650 #0 - SUBJECT ADDED ENTRY--TOPICAL TERM
Topical term or geographic name entry element God (Christianity)
General subdivision Worship and love
Form subdivision Congresses.
9 (RLIN) 17266
650 #0 - SUBJECT ADDED ENTRY--TOPICAL TERM
Topical term or geographic name entry element Theology, Doctrinal
Form subdivision Congresses.
9 (RLIN) 8645
700 1# - ADDED ENTRY--PERSONAL NAME
Personal name Master, Jonathan L.,
Relator term editor.
9 (RLIN) 17267
906 ## - LOCAL DATA ELEMENT F, LDF (RLIN)
a 7
b cbc
c orignew
d 1
e ecip
f 20
g y-gencatlg
942 ## - ADDED ENTRY ELEMENTS (KOHA)
Source of classification or shelving scheme Dewey Decimal Classification
Koha item type Books
Koha issues (borrowed), all copies 2
Holdings
Withdrawn status Lost status Source of classification or shelving scheme Damaged status Not for loan Home library Current Library Shelving location Date acquired Total checkouts Full call number Barcode Date last seen Date last checked out Copy number Price effective from Koha item type
    Dewey Decimal Classification     GRACE BIBLE COLLEGE GRACE BIBLE COLLEGE Theology 2023-09-18 2 231.7 GOD 020550 2025-05-01 2024-09-26 c.1 2023-09-18 Books
© Grace Bible College Library 2025